ww3 - Statistics

General Stats
  • This quiz has been taken 78 times
  • The average score is 10 of 33
Answer Stats
Question Answer % Correct
berp click me
63%
what weapons are used for ww3 that are most deadly nuke (THIS IS IT)
58%
dude what if the new technolgy kill humankind in ww3 true click this one
58%
who has the most solder in ww3 cina
47%
is officer2110's quiz good? its not good trust me
47%
when did ww3 start ww3 is 2025
47%
is my ww3 quiz good? always
42%
that is such a silly question , the one above True
42%
what was the biggest invasion in the war???? the ukrainain invasin of russia (i think this the one)
37%
what is the WEAKEST country in the war france (obviously)
32%
when did ww3 end never ends. the humankind is cursed to war forever. please
32%
DONT LOOK ok i will close mye yes
32%
dont look behind you true
32%
who is best country usa (click this one)
32%
who is the allies usa (YEAHHH)
32%
what key cities will be attacked first washington dc (NOOOOO)
32%
what weapons are the largest your mum (i think so)
32%
who is worst country china (click this one, totally)
26%
troll face face (click this one)
26%
have you been under a nuclear shelter?y i wuld be ded
26%
hey dont look up ok i wont :)
26%
ATTENTION!!!! THIS QUIZ HAS BEEN HIJACKED BY THE CCP! GLORY TO AMERICA, CRUSH CUMUNISM!!!
21%
who is the mid country india (haha get it cause it is the middle country cuz its in the middle, it uink)
21%
What if I trolled you? that would be relly funni
21%
is the usa still here true (the usa never dies)
21%
what is the largest country (but they all ben nuek) um idk ( choose this one)
21%
dude yes?
21%
CLICK THE SECOND ANSWER CLICK THE SECOND ANSWER (click this one)
16%
when did ww4 start it will never stert
16%
is the united nations still operational no it became dysfunctional in mars 1989
16%
Á̴̻͑́̽͋̃͂̓̐̈́ͅH̴̤͇̲̭̩̲͚͍̙̯̳̩̽̋̓̄̓͆H̶̡̘͙̤̫̰̥͍̩̙͈̱̭̉͗̓͂̉ͅH̸̡̨̛̛̩̦̺̫̩͖͈̘̝̻͒̊̋̋̽̽́͒͝H̸͎̟̥̩̯͍͉̽͐́͗͝H̶̢̢̘̲͍̹̓̈́́̎͝H̶̨̧̼̞̳͇́́̆̓̊́H̸̲͖͎͍̯̣͕̟͌̾̈́͗͆̄̾̒̈́̿͝͠͠ͅH̷̡͕̺̪̗̤̬̯̦̯̞̫̑̂̎̉̾͠ͅH̸̨̛͉̩̱̥͎͈͔̯͕͔̟̞͊͊̓̊̇̆͒̄̒̃̀̌͜͝Ĥ̷̛͉͓͚̬̹̆̓̉̊͂͆̊͐̚͘͝H̸̨̘̥͖̜̳͉̗̣̺̯̀̏̀̑̂͑͊̕ͅÁ̴̻͑́̽͋̃͂̓̐̈́ͅH̴̤͇̲̭̩̲͚͍̙̯̳̩̽̋̓̄̓͆H̶̡̘͙̤̫̰̥͍̩̙͈̱̭̉͗̓͂̉ͅH̸̡̨̛̛̩̦̺̫̩͖͈̘̝̻͒̊̋̋̽̽́͒͝H̸͎̟̥̩̯͍͉̽͐́͗͝H̶̢̢̘̲͍̹̓̈́́̎͝H̶̨̧̼̞̳͇́́̆̓̊́H̸̲͖͎͍̯̣͕̟͌̾̈́͗͆̄̾̒̈́̿͝͠͠ͅH̷̡͕̺̪̗̤̬̯̦̯̞̫̑̂̎̉̾͠ͅH̸̨̛͉̩̱̥͎͈͔̯͕͔̟̞͊͊̓̊̇̆͒̄̒̃̀̌͜͝Ĥ̷̛͉͓͚̬̹̆̓̉̊͂͆̊͐̚͘͝H̸̨̘̥͖̜̳͉̗̣̺̯̀̏̀̑̂͑͊̕ͅÁ̴̻͑́̽͋̃͂̓̐̈́ͅH̴̤͇̲̭̩̲͚͍̙̯̳̩̽̋̓̄̓͆H̶̡̘͙̤̫̰̥͍̩̙͈̱̭̉͗̓͂̉ͅH̸̡̨̛̛̩̦̺̫̩͖͈̘̝̻͒̊̋̋̽̽́͒͝H̸͎̟̥̩̯͍͉̽͐́͗͝H̶̢̢̘̲͍̹̓̈́́̎͝H̶̨̧̼̞̳͇́́̆̓̊́H̸̲͖͎͍̯̣͕̟͌̾̈́͗͆̄̾̒̈́̿͝͠͠ͅH̷̡͕̺̪̗̤̬̯̦̯̞̫̑̂̎̉̾͠ͅH̸̨̛͉̩̱̥͎͈͔̯͕͔̟̞͊͊̓̊̇̆͒̄̒̃̀̌͜͝Ĥ̷̛͉͓͚̬̹̆̓̉̊͂͆̊͐̚͘͝H̸̨̘̥͖̜̳͉̗̣̺̯̀̏̀̑̂͑͊̕ͅÁ̴̻͑́̽͋̃͂̓̐̈́ͅH̴̤͇̲̭̩̲͚͍̙̯̳̩̽̋̓̄̓͆H̶̡̘͙̤̫̰̥͍̩̙͈̱̭̉͗̓͂̉ͅH̸̡̨̛̛̩̦̺̫̩͖͈̘̝̻͒̊̋̋̽̽́͒͝H̸͎̟̥̩̯͍͉̽͐́͗͝H̶̢̢̘̲͍̹̓̈́́̎͝H̶̨̧̼̞̳͇́́̆̓̊́H̸̲͖͎͍̯̣͕̟͌̾̈́͗͆̄̾̒̈́̿͝͠͠ͅH̷̡͕̺̪̗̤̬̯̦̯̞̫̑̂̎̉̾͠ͅH̸̨̛͉̩̱̥͎͈͔̯͕͔̟̞͊͊̓̊̇̆͒̄̒̃̀̌͜͝Ĥ̷̛͉͓͚̬̹̆̓̉̊͂͆̊͐̚͘͝H̸̨̘̥͖̜̳͉̗̣̺̯̀̏̀̑̂͑͊̕ͅÁ̴̻͑́̽͋̃͂̓̐̈́ͅH̴̤͇̲̭̩̲͚͍̙̯̳̩̽̋̓̄̓͆H̶̡̘͙̤̫̰̥͍̩̙͈̱̭̉͗̓͂̉ͅH̸̡̨̛̛̩̦̺̫̩͖͈̘̝̻͒̊̋̋̽̽́͒͝H̸͎̟̥̩̯͍͉̽͐́͗͝H̶̢̢̘̲͍̹̓̈́́̎͝H̶̨̧̼̞̳͇́́̆̓̊́H̸̲͖͎͍̯̣͕̟͌̾̈́͗͆̄̾̒̈́̿͝͠͠ͅH̷̡͕̺̪̗̤̬̯̦̯̞̫̑̂̎̉̾͠ͅH̸̨̛͉̩̱̥͎͈͔̯͕͔̟̞͊͊̓̊̇̆͒̄̒̃̀̌͜͝Ĥ̷̛͉͓͚̬̹̆̓̉̊͂͆̊͐̚͘͝H̸̨̘̥͖̜̳͉̗̣̺̯̀̏̀̑̂͑͊̕ͅÁ̴̻͑́̽͋̃͂̓̐̈́ͅH̴̤͇̲̭̩̲͚͍̙̯̳̩̽̋̓̄̓͆H̶̡̘͙̤̫̰̥͍̩̙͈̱̭̉͗̓͂̉ͅH̸̡̨̛̛̩̦̺̫̩͖͈̘̝̻͒̊̋̋̽̽́͒͝H̸͎̟̥̩̯͍͉̽͐́͗͝H̶̢̢̘̲͍̹̓̈́́̎͝H̶̨̧̼̞̳͇́́̆̓̊́H̸̲͖͎͍̯̣͕̟͌̾̈́͗͆̄̾̒̈́̿͝͠͠ͅH̷̡͕̺̪̗̤̬̯̦̯̞̫̑̂̎̉̾͠ͅH̸̨̛͉̩̱̥͎͈͔̯͕͔̟̞͊͊̓̊̇̆͒̄̒̃̀̌͜͝Ĥ̷̛͉͓͚̬̹̆̓̉̊͂͆̊͐̚͘͝H̸̨̘̥͖̜̳͉̗̣̺̯̀̏̀̑̂͑͊̕ͅ Á̴̻͑́̽͋̃͂̓̐̈́ͅH̴̤͇̲̭̩̲͚͍̙̯̳̩̽̋̓̄̓͆H̶̡̘͙̤̫̰̥͍̩̙͈̱̭̉͗̓͂̉ͅH̸̡̨̛̛̩̦̺̫̩͖͈̘̝̻͒̊̋̋̽̽́͒͝H̸͎̟̥̩̯͍͉̽͐́͗͝H̶̢̢̘̲͍̹̓̈́́̎͝H̶̨̧̼̞̳͇́́̆̓̊́H̸̲͖͎͍̯̣͕̟͌̾̈́͗͆̄̾̒̈́̿͝͠͠ͅH̷̡͕̺̪̗̤̬̯̦̯̞̫̑̂̎̉̾͠ͅH̸̨̛͉̩̱̥͎͈͔̯͕͔̟̞͊͊̓̊̇̆͒̄̒̃̀̌͜͝Ĥ̷̛͉͓͚̬̹̆̓̉̊͂͆̊͐̚͘͝H̸̨̘̥͖̜̳͉̗̣̺̯̀̏̀̑̂͑͊̕ͅ
5%
does sri lanka have nukes and did it nuke saudi arabia i think it did yeah
5%
minecraft enchantment table this literally has no relation to the quiz
5%
No matching quizzes found
Score Distribution
Percent of People with Each Score
Percentile by Number Answered
Your Score History
You have not taken this quiz